Parties in Australian Parliament - Statistics

General Stats
  • This quiz has been taken 583 times
    463 since last reset
  • The average score is 4 of 11
Answer Stats
Party % Correct
Liberal/National Party
99%
Australian Labor Party
95%
Greens
88%
Palmer United Party
19%
Family First Party
18%
Liberal Democratic Party
14%
Katter's Australian Party
9%
Australian Motoring Enthusiast Party
4%
Democratic Labor Party
4%
Xenophon Group
2%
Democratic Labour Party
1%
No matching quizzes found
Score Distribution
Percent of People with Each Score
Percentile by Number Answered
Your Score History
You have not taken this quiz since the last reset